| 000 | 00978nam a2200289 i 4500 | ||
|---|---|---|---|
| 001 | bg | ||
| 100 | 1 |
_aAndersen, Hans Christian _d(1805-1875). |
|
| 245 | 1 | 0 |
_aBaśnie / _cHans Christian Andersen ; przekł. Stefania Beylin ; il. Małgorzata Flis. |
| 260 |
_a[s.l.] : _bMediasat Group, _c2005. |
||
| 300 |
_a312, [1] s. ; _c21 cm. |
||
| 490 | 1 |
_aBiblioteka Gazety Wyborczej : XIX wiek ; _v30 |
|
| 500 | _aWyd. we współpr. merytorycznej z Zakładem Narodowym im. Ossolińskich - Wydawnictwo, Wrocław. | ||
| 650 | 9 |
_aOpowiadanie dziecięce duńskie _y19 w. |
|
| 700 | 1 |
_aBeylin, Stefania. _eTł. |
|
| 700 | 1 |
_aFlis, Małgorzata. _eIl. |
|
| 830 | 0 |
_aBiblioteka Gazety Wyborczej ; _v30 |
|
| 020 | _a8498191645 (całość) | ||
| 020 | _a8498192013 | ||
| 040 | _cBPK | ||
| 041 | 1 |
_apol _hdan |
|
| 044 | _aPOL | ||
| 080 | _a821.113.4-93 | ||
| 920 | _a84-9819-164-5 (całość) | ||
| 920 | _a84-9819-201-3 | ||
| 942 | _cKS | ||
| 008 | s pl f |000 0 pol | ||
| 999 |
_c55717 _d55717 |
||
| 856 |
_uhttp://koha.tu.koszalin.pl/cgi-bin/koha/opac-detail.pl?biblionumber=55717 _yKatalog online BPK |
||